000 00502nam a2200193 a 4500
001 1771067063711
003 YourLibrary
005 20260214163805.0
008 260214s1998##################000#0#eng##
020 _a9789057023071
082 0 4 _a306.70835
_bCOL
100 1 _aColeman, John Christopher,
_eauthor.
245 1 0 _aTeenage Sexuality :
260 _bPsychology Press,
_c1998.
300 _a218 pages
650 0 _aEducation.
942 _cENGLISH
040 _aYourLibrary
_beng
_cYourLibrary
999 _c612552
_d612552